Stanovenie hodnoty opcie na cudziu menu diplomová práca

Salvato in:
Dettagli Bibliografici
Autore principale: Grejtáková, Ľubica
Ente Autore: Fakulta podnikového manažmentu EU. Katedra podnikových financií
Altri autori: Markovič, Peter, 1974-
Natura: Libro
Lingua:slovacco
Pubblicazione: Bratislava 2012
Tags: Aggiungi Tag
Nessun Tag, puoi essere il primo ad aggiungerne!!

MARC

LEADER 00000nbm a2200000 4500
001 0152429
005 20161109102036.4
041 0 |a slo 
044 |a SK 
245 1 0 |a Stanovenie hodnoty opcie na cudziu menu  |b diplomová práca  |c Ľubica Grejtáková ; školiteľ: Peter Markovič 
264 1 |a Bratislava  |c 2012 
300 |a 71 s. 
100 1 |a Grejtáková, Ľubica 
700 1 |a Markovič, Peter, 1974- 
710 2 |a Fakulta podnikového manažmentu EU. Katedra podnikových financií